| 000 | 03434cam a22004454i 4500 | ||
|---|---|---|---|
| 003 | PE-LiUPU | ||
| 005 | 20250731165417.0 | ||
| 008 | 151209s2013 pe a grm 000 0 spa d | ||
| 035 | _a(Sirsi) a155447 | ||
| 040 |
_aPE-LiUPU _bspa _cPE-LiUPU _erda |
||
| 099 |
_aTF 3 _bC77 2013 |
||
| 100 | 1 |
_aCórdova Cornejo, Nancy Rebeca, _eautor |
|
| 245 | 1 |
_aEstilos de apego y bienestar psicológico en madres adventistas y católicas de los alumnos del nivel primario de la Institución Educativa Privada España, 2013 / _cNancy Rebeca Córdova Cornejo. |
|
| 264 | 0 | _c2013. | |
| 300 |
_a140 hojas : _bilustraciones; _c30 cm |
||
| 336 |
_atext _2rdacontent |
||
| 337 |
_aunmediated _2rdamedia |
||
| 338 |
_avolume _2rdacarrier |
||
| 502 |
_aTesis _b(Mg.) -- _cUniversidad Peruana Unión, _d2013. |
||
| 504 | _aIncluye referencias | ||
| 520 | 3 | _aLa presente investigación pertenece a un diseño descriptivo correlacional comparativo, porque los resultados obtenidos han permitido determinar la relación entre los distintos estilos de apego con el bienestar psicológico de las madres adventistas y católicas. El objetivo principal de este estudio es determinar si existe relación entre los distintos estilos de apego con el bienestar psicológico en madres adventistas y católicas de alumnos del nivel primario de la Institución Educativa Privada (IEP) España. Para la recolección de datos se ha aplicado dos instrumentos bases: un cuestionario sobre estilos de apego, Escala de actitudes hacia las relaciones en general de Collins y Read (1990) adaptado por Tacón y Caldera I. (2001); el segundo instrumento contiene dos cuestionarios que han permitido evaluar el bienestar psicológico: Escala de bienestar psicológico existencial de Ellison Nelson (1999), adaptado por Torres /2001a) y la Escala de bienestar subjetivo de José Sánchez Cánovas (1998) adaptado por Torres (2001ª). Este instrumento fue adaptado por la autora para fines del presente trabajo de investigación (2013). La validación del instrumento se ha realizado mediante el juicio de expertos, generando un proceso de reducción de dimensiones mediante el programa SPSS 18. La confiabilidad del instrumento se determinó a través del Alfa de Cronbach. Los datos obtenidos se analizaron usando los estadísticos: Rho de Spearman y chi cuadrado. De acuerdo con los resultados obtenidos, se ha concluido que si existe relación significativa entre los diversos estilos de apego con el bienestar psicológico en madres adventistas y católicas. Difieren en forma significativa el estilo de apego, el grado de seguridad experimentados en las relaciones interpersonales y el bienestar psicológico; igual sucede con parte de la salud en su sentido más general y manifestada en todas las esferas de la actividad humana que proporciona salud mental y felicidad de madres adventistas y católicas. | |
| 526 | _aSEG44 | ||
| 526 | _aSEG26 | ||
| 526 | _aP151 | ||
| 526 | _aP150 | ||
| 526 | _aP149 | ||
| 526 | _aP146 | ||
| 526 | _aP145 | ||
| 526 | _aP126 | ||
| 526 | _aP125 | ||
| 526 | _aP92 | ||
| 526 | _aP75 | ||
| 526 | _aP74 | ||
| 526 | _aP27 | ||
| 526 | _aP15 | ||
| 650 | 0 | 4 |
_aApego (Psicología) _xMadres _xAspectos psicológicos |
| 596 | _a1 | ||
| 942 |
_2ddc _cTESIS |
||
| 999 |
_aTF 3 C77 2013 _wALPHANUM _c8126 _iT01377 _lCCODEBUL3 _mBUL _r1 _sY _tTESIS _u2015-12-9 _xPOSGRADO _PP54 _o.STAFF. Tesis _d8126 |
||
| 980 |
_81 _gALBERTO SANCHEZ Responsable de Automatización |
||